000 00464nam a2200181Ia 4500
005 20250508164538.0
008 008 250505s9999 xx 000 0 eng d
037 _aReference
040 _aFEDL
_beng
_cFEDL
041 _aeng
_2eng
084 _a370.152 3, HOL/RR
_qFEDL
100 _aHolt John
245 0 _aLearning all the time
300 _a169p.
546 _aMACESE
942 _cREF
_h370.152 3, HOL/RR
999 _c1389712
_d1389712